Guia de PCGA (Registro nro. 1744)

Detalles MARC
000 -LEADER
fixed length control field 00846 a2200241 4500
001 - CONTROL NUMBER
control field 28858
005 - DATE AND TIME OF LATEST TRANSACTION
control field 20260407155557.0
008 - FIXED-LENGTH DATA ELEMENTS--GENERAL INFORMATION
fixed length control field 260407a1984 arg spa d
003 - CONTROL NUMBER IDENTIFIER
control field AR-UNSa-BCEJYS
040 ## - CATALOGING SOURCE
Original cataloging agency AR-UNSa-BCEJYS
Language of cataloging spa
Transcribing agency AR-UNSa-BCEJYS
080 ## - UNIVERSAL DECIMAL CLASSIFICATION NUMBER
Universal Decimal Classification number 657
Common auxiliary subdivision Contabilidad
020 ## - INTERNATIONAL STANDARD BOOK NUMBER
International Standard Book Number 950-537-084-X
100 1# - MAIN ENTRY--PERSONAL NAME
Personal name Holzmann, Oscar J.
245 10 - TITLE STATEMENT
Title Guia de PCGA
Name of part/section of a work un análisis de todos los principios de contabilidad generalmente aceptados que se encuentran vigente
264 #1 - PRODUCTION, PUBLICATION, DISTRIBUTION, MANUFACTURE, AND COPYRIGHT NOTICE
Place of production, publication, distribution, manufacture Buenos Aires :
Name of producer, publisher, distributor, manufacturer Ediciones Macchi
Date of production, publication, distribution, manufacture, or copyright notice 1984
300 ## - PHYSICAL DESCRIPTION
Dimensions 23 cm.
505 ## - FORMATTED CONTENTS NOTE
Formatted contents note Parte I: Principios de contabilidad de aplicación general - Parte II: Principios de contabilidad especializados por industria
590 ## - LOCAL NOTE (RLIN)
Local note niveau_biblio:m niveau_hierar:0
700 1# - ADDED ENTRY--PERSONAL NAME
Personal name Miller, Martin A.
700 1# - ADDED ENTRY--PERSONAL NAME
Personal name Biondi, Mario
700 1# - ADDED ENTRY--PERSONAL NAME
Personal name Barajas, Jorge
942 ## - ADDED ENTRY ELEMENTS (KOHA)
Koha item type
Existencias
Withdrawn status Lost status Damaged status Not for loan Home library Current library Shelving location Date acquired Total checkouts Full call number Barcode Date last seen Price effective from Koha item type
        Biblioteca Prof. Eusebio Cleto del Rey Biblioteca Prof. Eusebio Cleto del Rey   07/04/2026   657 M646 L45461 07/04/2026 07/04/2026 Libro
        Biblioteca Prof. Eusebio Cleto del Rey Biblioteca Prof. Eusebio Cleto del Rey   07/04/2026   657 M646 L53814 07/04/2026 07/04/2026 Libro